000 01414cam a22003251a 4500
001 gs 58000241
003 DLC
005 20260227111407.0
008 780714s1958 dcuab b f001 0 eng c
010 _ags 58000241
035 _a(OCoLC)4054762
040 _aU.S. Geol. Survey. Library.
_cCLS
_dOCoLC
_dDNAL
_dOCoLC
_dDLC
042 _apremarc
043 _an-us-mt
050 0 0 _aTC801
_b.U2 no. 1424
070 0 _a407
_bG29W no.1424
082 _a551.49
100 1 _aMoulder, E. A.
_q(Edward Arlo),
_d1922-
245 1 0 _aGround-water factors affecting drainage in the First Division, Buffalo Rapids Irrigation Project, Prairie and Dawson Counties, Montana /
_cby E.A. Moulder and F.A. Kohout. With a section on Chemical quality of the water, by E.R. Jochens.
260 _aWashington, D.C. :
_bU.S. G.P.O.,
_c1958.
300 _avi, 198 p. :
_bill., maps ;
_c23 cm.
440 0 _aGeological Survey water-supply paper ;
_v1424
500 _a"Prepared as part of the program of the Dept. of the Interior for development of the Missouri River basin."
501 _aTC801 .U2 no. 1424 with : Phreatophytes / T. W. Robinson. Washington : U. S. Govt. Print. Off., 1958. Bound together subsequent to publication.
_5DLC
504 _aBibliography: p. 72-73.
500 _aIncludes index.
650 0 _aGroundwater
_zMontana.
650 0 _aWater-supply
_zMontana.
700 1 _aKohout, Francis Anthony,
_d1924-
999 _c29283
_d29283